La encíclica Quadragesimo anno acerca de la restauración del orden social / (Record no. 120105)

MARC details
000 -LEADER
campo de control de longitud fija 01130nam a2200277 i 4500
001 - NÚMERO DE CONTROL
campo de control 120105
003 - IDENTIFICADOR DE NÚMERO DE CONTROL
campo de control ES-MaACL
005 - FECHA Y HORA DE LA ÚLTIMA TRANSACCIÓN
campo de control 20250831073430.0
007 - CAMPO FIJO DE DESCRIPCIÓN FÍSICA--INFORMACIÓN GENERAL
campo de control de longitud fija t|
008 - DATOS DE LONGITUD FIJA--INFORMACIÓN GENERAL
campo de control de longitud fija 070214s1948 sp r ||||1| spa d
110 2# - ENTRADA PRINCIPAL--NOMBRE DE ENTIDAD CORPORATIVA
Nombre de entidad corporativa o nombre de jurisdicción como elemento de entrada Iglesia Católica.
Unidad subordinada Papa (1922-1939: Pío XI)
9 (RLIN) 4665
245 13 - MENCIÓN DEL TÍTULO
Título La encíclica Quadragesimo anno acerca de la restauración del orden social /
Mención de responsabilidad, etc. Pío XI ; comentario práctico preparado por "L'Action Populaire", de París, y por "Fomento Social", de Madrid.
250 ## - MENCION DE EDICION
Mención de edición 2ª ed. totalmente refundida y puesta al día
Resto de la mención de edición por Joaquín Azpiazu, S.J.
260 ## - PUBLICACIÓN, DISTRIBUCIÓN, ETC.
Lugar de publicación, distribución, etc. Burgos :
Nombre del editor, distribuidor, etc. Ed. Bibliográfica Española,
Fecha de publicación, distribución, etc. 1948.
300 ## - DESCRIPCIÓN FÍSICA
Extensión 298 p. ;
Dimensiones 20 cm.
490 1# - MENCIÓN DE SERIE
Mención de serie Biblioteca Fomento Social
650 #4 - PUNTO DE ACCESO ADICIONAL DE MATERIA--TÉRMINO DE MATERIA
Término de materia o nombre geográfico como elemento de entrada Iglesia y problemas sociales-
Subdivisión general Encíclicas.
9 (RLIN) 137973
700 0# - ENTRADA AGREGADA--NOMBRE PERSONAL
Nombre de persona Pío
Numeración XI
Títulos y otros términos asociados al nombre , Papa.
9 (RLIN) 92300
700 1# - ENTRADA AGREGADA--NOMBRE PERSONAL
Nombre de persona Azpiazu, Joaquín.
9 (RLIN) 24351
710 2# - ENTRADA AGREGADA--NOMBRE DE ENTIDAD CORPORATIVA
Nombre de entidad corporativa o nombre de jurisdicción como elemento de entrada Action Populaire (París)
9 (RLIN) 171604
710 2# - ENTRADA AGREGADA--NOMBRE DE ENTIDAD CORPORATIVA
Unidad subordinada Fomento Social (Madrid)
9 (RLIN) 171603
710 2# - ENTRADA AGREGADA--NOMBRE DE ENTIDAD CORPORATIVA
Nombre de entidad corporativa o nombre de jurisdicción como elemento de entrada Compañía Bibliográfica Española.
9 (RLIN) 171207
830 1# - PUNTO DE ACCESO ADICIONAL DE SERIE-TÍTULO UNIFORME
Título uniforme Biblioteca Fomento Social
9 (RLIN) 181200
852 ## - LOCALIZACIÓN
Ubicación ES-MaACL
Número de control de estantería C-5590
Holdings
Estatus retirado Estado de pérdida Estado de daño No para préstamo Biblioteca de origen Biblioteca actual Ubicación en estantería Fecha de adquisición Fuente de adquisición Total de préstamos Signatura topográfica completa Código de barras Visto por última vez Precio de reemplazo Tipo de ítem Koha
        Biblioteca del Ateneo de Madrid Biblioteca del Ateneo de Madrid Sala Palomar 17/01/2008     C-5590 1125190 23/02/2023 23/02/2023 Libro impreso